Report of the departmental committee on detective work and procedure (Record no. 411077)

000 -LEADER
fixed length control field 00396cam a22001097a 4500
008 - FIXED-LENGTH DATA ELEMENTS--GENERAL INFORMATION
fixed length control field 180718b xxu||||| |||| 00| 0 eng d
082 ## - DEWEY DECIMAL CLASSIFICATION NUMBER
Classification number N35x42 Un3
245 ## - TITLE STATEMENT
Title Report of the departmental committee on detective work and procedure
Statement of responsibility, etc. by His Majesty's Stationery Office
260 ## - PUBLICATION, DISTRIBUTION, ETC.
Place of publication, distribution, etc. London
Name of publisher, distributor, etc. His Majesty's Stationery Office
Date of publication, distribution, etc.
500 ## - GENERAL NOTE
General note Library has 5 Volumes
700 ## - ADDED ENTRY--PERSONAL NAME
Personal name His Majesty's Stationery Offic
Holdings
Withdrawn status Lost status Damaged status Not for loan Permanent Location Current Location Date acquired Full call number Barcode Date last seen Price effective from Koha item type
        Indian Institute of Public Administration Indian Institute of Public Administration 2009-01-27 N35x42 Un3 8254 2018-07-21 2018-07-21 Book
        Indian Institute of Public Administration Indian Institute of Public Administration 2009-01-27 N35x42 Un3 8253 2018-07-21 2018-07-21 Book
        Indian Institute of Public Administration Indian Institute of Public Administration 2009-01-27 N35x42 Un3 8252 2018-07-21 2018-07-21 Book
        Indian Institute of Public Administration Indian Institute of Public Administration 2009-01-27 N35x42 Un3 8251 2018-07-21 2018-07-21 Book
        Indian Institute of Public Administration Indian Institute of Public Administration 2009-01-27 N35x42 Un3 8250 2018-07-21 2018-07-21 Book

Powered by Koha